Geography Quiz

Random Geography or Asia Quiz

10+ Letter Asian Countries Quiz Stats

 Plays Quiz Updated Aug 24, 2016

Also try: Asian Cities A-Z
Challenge
Share
Tweet
Embed
Score 0/14 Timer 02:00
2 Plays Today
Letters Country % Correct
12Turkmenistan
85.5%
10Kazakhstan
84.2%
10Uzbekistan
82.9%
11Afghanistan
81.1%
10Tajikistan
79%
11Saudi Arabia
78.1%
10South Korea
77.1%
Letters Country % Correct
10North Korea
77.1%
10Kyrgyzstan
76.9%
18United Arab Emirates
73%
10Azerbaijan
71.4%
11Philippines
65.8%
10Bangladesh
58.6%
10Timor-Leste
46.8%

You're not logged in!

Compare scores with friends on all Sporcle quizzes.
OR
Log In

You Might Also Like...

Show Comments

Extras

Top Quizzes Today


Score Distribution

Your Account Isn't Verified!

In order to create a playlist on Sporcle, you need to verify the email address you used during registration. Go to your Sporcle Settings to finish the process.

Report this User

Report this user for behavior that violates our Community Guidelines.

Details: